Manual de remuneraciones: ¿cómo se fija mi sueldo? cálculos, contabilidad, auditoría
Sparad:
| Huvudupphovsman: | |
|---|---|
| Materialtyp: | Bok |
| Språk: | spanska |
| Publicerad: |
Santiago
Legal Publishing
2014
|
| Upplaga: | 1a. ed |
| Ämnen: | |
| Taggar: |
Lägg till en tagg
Inga taggar, Lägg till första taggen!
|
MARC
| LEADER | 00000cam a2200000 a 4500 | ||
|---|---|---|---|
| 001 | UCE4447 | ||
| 003 | CL-VaPUC | ||
| 008 | 141023e20140600cl |||||||||||||||||spa|d | ||
| 020 | |a 9789563465563 | ||
| 082 | 0 | 4 | |a 344.8301 |b TOR |2 21 |
| 100 | |a Torres Salazar, Gabriel |e autor |9 602032 | ||
| 245 | 1 | 0 | |a Manual de remuneraciones: ¿cómo se fija mi sueldo? cálculos, contabilidad, auditoría |
| 250 | |a 1a. ed | ||
| 300 | |a 175 p | ||
| 942 | |c BK | ||
| 945 | |d 20141023 15:21:00 |a arojas | ||
| 260 | |a Santiago |b Legal Publishing |c 2014 | ||
| 650 | 7 | |a REMUNERACIONES |2 CL-VaPUC |9 371777 | |
| 650 | 0 | |a Compensación |9 383183 | |
| 650 | 7 | |a DESCUENTOS |2 CL-VaPUC |9 577001 | |
| 650 | 7 | |a RENTA |2 CL-VaPUC |9 358792 | |
| 650 | 7 | |a HONORARIOS |2 CL-VaPUC |9 424515 | |
| 650 | 7 | |a REMUNERACION |2 CL-VaPUC |9 388438 | |
| 650 | 7 | |a DERECHO LABORAL |2 CL-VaPUC |9 15 | |
| 650 | 0 | |a Derecho laboral chileno |9 476826 | |
| 651 | 7 | |a CHILE |2 CL-VaPUC |9 577002 | |
| 583 | |a last modification |c 20141023 15:21:00 |k Rodrigo Vera | ||
| 999 | |c 357403 |d 357401 | ||
| 952 | |0 0 |1 0 |3 erb |4 0 |6 344_830100000000000_TOR_2014 |7 0 |8 A |9 465326 |a BIBGIM |b BIBGIM |i 5120454 |o 344.8301 TOR 2014 |p 5120454 |r 2025-01-15 |w 2019-11-23 |y BK |z Catalogado en:20141023 |k COM | ||
| 952 | |0 0 |1 0 |3 erb |4 0 |6 344_830100000000000_TOR_2014 |7 0 |8 A |9 465327 |a BIBGIM |b BIBGIM |i 5120462 |o 344.8301 TOR 2014 |p 5120462 |r 2025-01-15 |w 2019-11-23 |y BK |z Catalogado en:20141023 |k COM | ||
| 952 | |0 0 |1 0 |3 erb |4 0 |6 344_830100000000000_TOR_2014 |7 0 |8 A |9 465328 |a BIBGIM |b BIBGIM |i 5120470 |o 344.8301 TOR 2014 |p 5120470 |r 2025-01-15 |w 2019-11-23 |y BK |z Catalogado en:20141023 |k COM | ||
| 952 | |0 0 |1 0 |3 erb |4 0 |6 344_830100000000000_TOR_2014 |7 0 |8 A |9 465329 |a BIBGIM |b BIBGIM |i 5120489 |o 344.8301 TOR 2014 |p 5120489 |r 2025-01-15 |w 2019-11-23 |y BK |z Catalogado en:20141023 |k COM | ||
| 952 | |0 0 |1 0 |3 erb |4 0 |6 344_830100000000000_TOR_2014 |7 0 |8 A |9 465330 |a BIBGIM |b BIBGIM |i 5120497 |o 344.8301 TOR 2014 |p 5120497 |r 2025-01-15 |w 2019-11-23 |y BK |z Catalogado en:20141023 |k COM | ||
| 952 | |0 0 |1 0 |3 erb |4 0 |6 344_830100000000000_TOR_2014 |7 0 |8 A |9 465331 |a BIBGIM |b BIBGIM |i 5356806 |o 344.8301 TOR 2014 |p 5356806 |r 2025-01-15 |w 2019-11-23 |y BK |z Catalogado en:20161216 |k COM | ||
| 952 | |0 0 |1 0 |3 erb |4 0 |6 344_830100000000000_TOR_2014 |7 0 |8 A |9 465332 |a BIBGIM |b BIBGIM |i 5356814 |o 344.8301 TOR 2014 |p 5356814 |r 2025-01-15 |w 2019-11-23 |y BK |z Catalogado en:20161216 |k COM | ||
| 952 | |0 0 |1 0 |3 erb |4 0 |6 344_830100000000000_TOR_2014 |7 0 |8 A |9 465333 |a BIBGIM |b BIBGIM |i 5356822 |o 344.8301 TOR 2014 |p 5356822 |r 2025-01-15 |w 2019-11-23 |y BK |z Catalogado en:20161216 |k COM | ||
| 952 | |0 0 |1 0 |3 erb |4 0 |6 344_830100000000000_TOR_2014 |7 0 |8 A |9 465334 |a BIBGIM |b BIBGIM |i 5356830 |o 344.8301 TOR 2014 |p 5356830 |r 2025-01-15 |w 2019-11-23 |y BK |z Catalogado en:20161216 |k COM | ||
| 952 | |0 0 |1 0 |3 erb |4 0 |6 344_830100000000000_TOR_2014 |7 0 |8 A |9 465335 |a BIBGIM |b BIBGIM |i 5356849 |o 344.8301 TOR 2014 |p 5356849 |r 2025-01-15 |w 2019-11-23 |y BK |z Catalogado en:20161216 |k COM | ||
| 952 | |0 0 |1 0 |3 erb |4 0 |6 344_830100000000000_TOR_2014 |7 0 |8 A |9 465336 |a BIBGIM |b BIBGIM |i 5356857 |o 344.8301 TOR 2014 |p 5356857 |r 2025-01-15 |w 2019-11-23 |y BK |z Catalogado en:20161216 |k COM | ||
| 952 | |0 0 |1 0 |3 erb |4 0 |6 344_830100000000000_TOR_2014 |7 0 |8 A |9 465337 |a BIBGIM |b BIBGIM |i 5356865 |o 344.8301 TOR 2014 |p 5356865 |r 2025-01-15 |w 2019-11-23 |y BK |z Catalogado en:20161216 |k COM | ||
| 952 | |0 0 |1 0 |3 erb |4 0 |6 344_830100000000000_TOR_2014 |7 0 |8 A |9 465338 |a BIBGIM |b BIBGIM |i 5356873 |o 344.8301 TOR 2014 |p 5356873 |r 2025-01-15 |w 2019-11-23 |y BK |z Catalogado en:20161216 |k COM | ||
| 952 | |0 0 |1 0 |3 erb |4 0 |6 344_830100000000000_TOR_2014 |7 0 |8 A |9 465339 |a BIBGIM |b BIBGIM |i 5356881 |o 344.8301 TOR 2014 |p 5356881 |r 2025-01-15 |w 2019-11-23 |y BK |z Catalogado en:20161216 |k COM | ||
| 952 | |0 0 |1 0 |3 erb |4 0 |6 344_830100000000000_TOR_2014 |7 0 |8 A |9 465340 |a BIBGIM |b BIBGIM |i 535689K |o 344.8301 TOR 2014 |p 535689K |r 2025-01-15 |w 2019-11-23 |y BK |z Catalogado en:20161216 |k COM | ||